| 000 | 00718nam a2200193 a 4500 | ||
|---|---|---|---|
| 001 | 5174 | ||
| 003 | CDMR | ||
| 005 | 20151022114202.0 | ||
| 008 | 130130s1975||||||||||||||||||||||||fre|d | ||
| 040 |
_aCDMR _bcat _cCDMR |
||
| 245 | 0 |
_aLois et traités sur le droit d'auteur _b: supplément 1973 _cOrganisation des Nations Unies pour l'Education, la Science et la Culture, Organisation Mondiale de la Propriété Intellectuelle |
|
| 260 |
_aParis _c1975 _bLibrairie Générale de Droit et de Jurisprudence |
||
| 300 | _a1012 p. | ||
| 650 | 0 | 4 |
_93160 _aDrets d'autor |
| 650 | 0 | 4 |
_93588 _aDret internacional |
| 710 | 2 |
_94361 _aOrganisation Mondiale de la Propriété Intellectuelle |
|
| 710 | 2 |
_91452 _aUnesco |
|
| 942 |
_cMON _2udc |
||
| 999 |
_c5174 _d5174 |
||